| 000 | 00645cam a22002051 4500 | ||
|---|---|---|---|
| 999 |
_c58338 _d58338 |
||
| 001 | 2639486 | ||
| 005 | 20240327164410.0 | ||
| 008 | 720107s1962 enka b 000 0 eng | ||
| 041 | _aeng | ||
| 080 | _a519.876.5 H-20 | ||
| 100 | 1 |
_aHamming, R. W. _q _d _912902 |
|
| 245 | 1 | 0 |
_aNumerical methods for scientists and engineers / _cR. W. Hamming. |
| 264 |
_aNew York, _bMcGraw-Hill, _c1962. |
||
| 300 |
_a411 p.: _billus.; _c24 cm. |
||
| 650 | 0 |
_aElectronic digital computers. _912906 |
|
| 653 | _aNumerical Methods for Scientists and Engineers | ||
| 653 | _aმათემატიკა | ||
| 653 | _aМатематика | ||
| 942 |
_2udc _cBK |
||